1825 1232 1201 1335 1852 1763 1029 1756 1753 1758 1204 1394 1388 1065 1561 1072 1213 1496 1246 1763 1678 1657 1733 2000 1268 1333 1472 1002 1874 1803 1497 1819 1180 1123 1146 1524 1412 1532 1593 1630 1288 1334 1690 1620 1406 1998 1298 1613 1131 1905 1622 1102 1609 1179 1166 1064 1773 1215 1736 1026 1258 1045 1840 1034 1393 1248 1367 1050 1985 1178 1039 1606 1642 1275 1656 1520 1325 1470 1222 1135 1443 1631 1733 1787 1912 1869 1208 1763 1294 1227 1338 1865 1312 1828 1840 1150 1345 1092 1463 BCNSPRNW ULIB Ver.6.0+V

เปลี่ยนเป็นภาษาไทย

Change to English
 แสดงรายละเอียดบรรณานุกรม
  กลับหน้าหลัก

Brief Record : Get Marc (ISO 2709) : E-mail record : QR code < ปิดหน้าต่าง
LEADER : 00000nam 2200000uu 4500
001    13399114441
003     ULIB
008    120402s2552||||th 000 0 tha d
020    ^a9786117017216
090    ^aนว.^bก791ข
100 0  ^aแก้วชวาลา
245 00 ^aข้ามฟ้ามาอ้อนรัก/^cแก้วชวาลา
250    ^aพิมพ์ครั้งที่ 1
260    ^aกรุงเทพฯ :^bอักษรศาสตร์,^c2552
300    ^a293 หน้า
710 1  ^aอักษรศาสตร์
945    ^p249^l0^i15938
995    ^aกัณชพร
999    ^aใช้งานได้ทุกระบบ
รายการนี้ยังไม่มีแท็ก
คุณยังไม่ได้ล็อกอิน คุณสามารถมีกิจกรรมร่วมกับเว็บไซต์ได้ แต่ต้องล็อกอินก่อน ::
  ล็อกอิน

รายการสื่อสารสนเทศ

ลำดับที่ ประเภท เลขเรียก/บาร์โค้ด สถานที่ สถานะ
1. นวนิยาย
นวนิยาย
นว. ก791ข  
  Barcode: 15938
ห้องสมุดวิทยาเขตสวรรค์ประชารักษ์
►นวนิยาย
บนชั้น
  ขอยืม

รายการใกล้เคียง
    ผู้แต่ง [แก้วชวาลา]

BibComment


ยังไม่เคยถูกคอมเมนท์

คอมเมนท์ทรัพยากรรายการนี้
  คอมเมนท์: ข้ามฟ้ามาอ้อนรัก..


 Copyright 2026. Bcnsprnw @Library